| 000 | 00933cab a22002415a 4500 | ||
|---|---|---|---|
| 001 | L160020 | ||
| 008 | 150113e2016 xxk 000 0 eng d | ||
| 035 | _a(Sirsi) u160020 | ||
| 041 | 0 | _aeng | |
| 100 | 1 | _aCook, Dan | |
| 245 | 0 | 0 |
_aShape of the future _h[electronic resource] |
| 260 |
_aLondon _bRICS _c2016 |
||
| 490 |
_aRICS Building Surveying Journal _vMay 2016 - June 2016, 16-17(2) |
||
| 520 | _aExplores what the built environment sector will look like in 2030. | ||
| 650 | 2 | 4 | _aDIGITAL TECHNOLOGY |
| 650 | 2 | 4 | _aTECHNOLOGICAL REVOLUTION |
| 651 | 4 | _aInternational | |
| 690 | _aFUTURE OF THE PROFESSION | ||
| 700 | 1 | _aErasmus Porter, Chevon | |
| 856 | 4 | 0 |
_uhttps://www.rics.org/Global/BSJ-BCJ%20May-June%202016%20Interactive.pdf _zView the article free of charge at www.rics.org... |
| 856 | 4 | 0 |
_uhttps://www.rics.org/Global/BSJ-BCJ%20May-June%202016%20Interactive.pdf _yAvailable free online via Issuu |
| 942 |
_n0 _2ddc |
||
| 999 |
_c85135 _d85135 |
||